000 00504nam a22002057a 4500
003 OSt
005 20260602155759.0
008 260602b |||||||| |||| 00| 0 eng d
020 _a978-93-87944-89-3
040 _cSBCL
082 _a158.1
_bROB-F
100 _aRobin,Sharma
245 _aThe Five Am Club
260 _aMumbai
_bJaico Publishing House
_c2025
300 _a314p.
630 _xPhilosophy & psychology
650 _aPsychology
650 _aApplied psychology
942 _cBOOK
999 _c138352
_d138352